Statistics for Super Smash Bros. Melee Tier List Quiz

Click here to take the quiz!

General Stats

  • This quiz has been taken 241 times
    (206 since last reset)
  • The average score is 23 of 26

Answer Stats

TierFighterVoteVet or New% Correct
C+Mario15.53Veteran
99%
FBowser25.74Newcomer
97%
B-Luigi12.23Veteran
96%
SFox1.68Veteran
95%
APeach6.84Newcomer
95%
B+Yoshi9.69Veteran
95%
ACaptain Falcon5.82Veteran
94%
FKirby24.46Veteran
94%
SFalco3.56Newcomer
93%
C-Link17.66Veteran
93%
B+Pikachu9.62Veteran
93%
C+Ganondorf14.83Newcomer
92%
SJigglypuff3.18Veteran
92%
SMarth2.36Newcomer
92%
B+Samus10.11Veteran
91%
DZelda23.49Newcomer
90%
C-Donkey Kong16.42Veteran
87%
DRoy21.63Newcomer
87%
ASheik4.66Newcomer
86%
DMewtwo20.22Newcomer
84%
DPichu22.07Newcomer
84%
B-Dr. Mario12.61Newcomer
83%
B+Ice Climbers8.74Newcomer
83%
DNess22.78Veteran
82%
C-Young Link17.31Newcomer
82%
C-Mr. Game & Watch17.95Newcomer
80%

Score Distribution

Percentile by Number Answered

Percent of People with Each Score

Your Score History

You have not taken this quiz since the last reset